| 000 | 006060000a22001930004500 | ||
|---|---|---|---|
| 003 | LK-CoMWRAF | ||
| 005 | 20231030094157.0 | ||
| 008 | 230817t1979 ||||| |||| 00| 0 eng d | ||
| 040 |
_aLK-CoMWRAF _dLK-CoMWRAF _eLK-CoMWRAF |
||
| 041 | _aeng | ||
| 082 |
_a305.42 _bROY |
||
| 100 | _aRoy, Shibani | ||
| 245 | _aStatus of Muslim Women in North India | ||
| 260 |
_aDelhi: _bB.R.Publishing Corporation, _c1979 |
||
| 300 |
_axiii, 241 p., [1] leaf of plates : ill., map ; 25 cm. _bBibliography, index and glossary included |
||
| 650 | _aWOMEN-India--Social conditions | ||
| 650 | _aWomen-Muslim | ||
| 942 | _cBK | ||
| 999 |
_c1351 _d1351 |
||